[Event "Zhukovsky op"]
[Site "Zhukovsky"]
[Date "2011.02.18"]
[Round "2"]
[White "Kaverin, Lev"]
[Black "Yasev, Daniil"]
[Result "0-1"]
[WhiteElo "1853"]
[BlackElo "1598"]
[PlyCount "54"]
[EventDate "2011.02.17"]
[EventType "swiss"]
[EventRounds "9"]
[EventCountry "RUS"]
[SourceTitle "CBM 141 Extra"]
[Source "ChessBase"]
[SourceDate "2011.05.03"]
[SourceVersion "1"]
[SourceVersionDate "2011.05.03"]
[SourceQuality "1"]

1. d4 d5 2. c4 c6 3. Nc3 e6 4. e4 Bb4 5. exd5 cxd5 6. cxd5 Qxd5 7. Qa4+ Nc6 8. Bb5 Bxc3+ 9. bxc3 Qxg2 10. Ba3 Qxh1 11. Qb4 Qxg1+ 12. Ke2 Qg4+ 13. f3 Qg2+ 14. Ke1 Qh1+ 15. Kd2 Qg2+ 16. Ke1 Qg1+ 17. Ke2 Qg2+ 18. Ke1 Qh1+ 19. Ke2 Qxh2+ 20. Kd1 Kd8 21. Qf8+ Kc7 22. Qxg7 Qh1+ 23. Ke2 Qxa1 24. Bc5 Qb2+ 25. Ke3 Qxb5 26. Qf8 Nge7 27. Qg7 Nf5+ 0-1

[Event "Zhukovsky op-B 05"]
[Site "Zhukovsky"]
[Date "2010.05.14"]
[Round "1"]
[White "Kaverin, Lev"]
[Black "Fedyaev, Vladimir"]
[Result "1-0"]
[WhiteElo "1875"]
[BlackElo "1797"]
[PlyCount "111"]
[EventDate "2010.05.14"]
[EventType "swiss"]
[EventRounds "9"]
[EventCountry "RUS"]
[SourceTitle "EXT 2022"]
[Source "ChessBase"]
[SourceDate "2021.10.06"]
[SourceVersion "1"]
[SourceVersionDate "2021.10.06"]
[SourceQuality "1"]

1. Nf3 d6 2. e4 Nc6 3. d4 g6 4. Be3 Bg7 5. Bb5 Bd7 6. c3 a6 7. Ba4 Nf6 8. Nbd2 0-0 9. 0-0 Ng4 10. Bf4 b5 11. Bc2 a5 12. h3 Nf6 13. Re1 a4 14. d5 Nb8 15. a3 c5 16. dxc6 Nxc6 17. Bd3 Rb8 18. Qe2 Qb6 19. Be3 Qb7 20. Nf1 Na5 21. Rad1 Bc6 22. Bg5 h6 23. Bh4 Nb3 24. Nd4 Nxd4 25. cxd4 b4 26. f3 Nh5 27. Bf2 Nf4 28. Qd2 g5 29. Bb1 b3 30. Ne3 Bd7 31. Kh2 Rfc8 32. Bg3 Ng6 33. Nf5 Bb5 34. Nxg7 Kxg7 35. d5 Nf8 36. e5 Qd7 37. Qe3 Rb7 38. e6 Qe8 39. exf7 Qxf7 40. h4 Qf6 41. hxg5 hxg5 42. Rd4 Rc4 43. Red1 Rbc7 44. Rxc4 Rxc4 45. Re1 Rc7 46. Qd2 Rc5 47. Bf2 Rc4 48. Re4 Ng6 49. Re6 Qf4+ 50. Qxf4 Nxf4 51. Rxe7+ Kf6 52. Rb7 Be8 53. Rb8 Ke7 54. Rb7+ Kf6 55. Be4 Rc1 56. Bd4# 1-0

[Event "Zhukovsky op-B 05"]
[Site "Zhukovsky"]
[Date "2010.05.14"]
[Round "5"]
[White "Leschenko, Wjatcheslaw"]
[Black "Kaverin, Lev"]
[Result "1-0"]
[WhiteElo "1625"]
[BlackElo "1875"]
[PlyCount "83"]
[EventDate "2010.05.14"]
[EventType "swiss"]
[EventRounds "9"]
[EventCountry "RUS"]
[SourceTitle "EXT 2022"]
[Source "ChessBase"]
[SourceDate "2021.10.06"]
[SourceVersion "1"]
[SourceVersionDate "2021.10.06"]
[SourceQuality "1"]

1. c4 c5 2. Nf3 Nc6 3. Nc3 Nf6 4. e4 e6 5. e5 Ng4 6. Qe2 Qc7 7. Nb5 Qb8 8. Nd6+ Bxd6 9. exd6 Qxd6 10. h3 Nf6 11. d3 0-0 12. g3 e5 13. Bg2 Re8 14. 0-0 h6 15. Nh4 Qe6 16. g4 Nd4 17. Qd1 d5 18. Be3 Bd7 19. b3 Bc6 20. Bxd4 cxd4 21. c5 a5 22. Qd2 Nd7 23. Rac1 Kh7 24. Nf5 g5 25. a3 Qf6 26. b4 axb4 27. axb4 Ra3 28. Nd6 Rea8 29. b5 Ra2 30. Rc2 Rxc2 31. Qxc2 Ra5 32. bxc6 Rxc5 33. Qxc5 Nxc5 34. c7 Qxd6 35. c8Q b5 36. Rc1 Ne6 37. Rc6 Qa3 38. Bxd5 Qxd3 39. Rxe6 fxe6 40. Qxe6 Qg6 41. Qxe5 h5 42. Be4 1-0

[Event "Zhukovsky op-B 05"]
[Site "Zhukovsky"]
[Date "2010.05.14"]
[Round "9"]
[White "Vatolin, Aleksey"]
[Black "Kaverin, Lev"]
[Result "1/2-1/2"]
[WhiteElo "1647"]
[BlackElo "1875"]
[PlyCount "132"]
[EventDate "2010.05.14"]
[EventType "swiss"]
[EventRounds "9"]
[EventCountry "RUS"]
[SourceTitle "EXT 2022"]
[Source "ChessBase"]
[SourceDate "2021.10.06"]
[SourceVersion "1"]
[SourceVersionDate "2021.10.06"]
[SourceQuality "1"]

1. e4 c5 2. Nf3 Nc6 3. d4 cxd4 4. Nxd4 Nf6 5. Nc3 a6 6. Bg5 h6 7. Be3 e6 8. a3 Be7 9. Be2 0-0 10. 0-0 b5 11. Bf3 Ne5 12. Bf4 Nxf3+ 13. Qxf3 Bb7 14. b4 Qb6 15. Be3 Qc7 16. Nde2 d5 17. exd5 Nxd5 18. Nxd5 Bxd5 19. Qg4 Qxc2 20. Bxh6 Bf6 21. Rac1 Qh7 22. Be3 Bb2 23. Rb1 f5 24. Qg3 Bf6 25. Bc5 Rf7 26. Nf4 Bc4 27. Rfe1 e5 28. Ng6 f4 29. Qf3 Rd8 30. Nxf4 exf4 31. Rbd1 Rfd7 32. Rxd7 Rxd7 33. Qa8+ Rd8 34. Re8+ Kf7 35. Rf8+ Ke6 36. Qc6+ Ke5 37. Qc7+ Ke6 38. Qc6+ Ke5 39. Qc7+ Ke6 40. Qc6+ Kf5 41. Rxd8 Bxd8 42. Qd7+ Kg5 43. Qxd8+ Kh5 44. Qe8+ g6 45. Qe5+ g5 46. Qe8+ Bf7 47. Qe2+ Kh4 48. h3 Qf5 49. Kh2 g4 50. g3+ fxg3+ 51. fxg3+ Kh5 52. hxg4+ Qxg4 53. Qxg4+ Kxg4 54. Kg2 Bd5+ 55. Kf2 Bf3 56. Bd6 Bd5 57. Ke3 Kf5 58. Kd4 Ke6 59. Kc5 Bb7 60. Kb6 Bf3 61. Bf4 Kd5 62. Kxa6 Kc4 63. Kb6 Be2 64. Bc1 Kb3 65. g4 Kc2 66. Be3 Kb3 1/2-1/2

[Event "Zhukovsky op-B"]
[Site "Zhukovsky"]
[Date "2010.01.??"]
[Round "2"]
[White "Kaverin, Lev"]
[Black "Anisimov, Aleksander"]
[Result "1-0"]
[WhiteElo "1902"]
[BlackElo "2293"]
[PlyCount "161"]
[EventDate "2010.01.??"]
[EventType "swiss"]
[EventRounds "7"]
[EventCountry "RUS"]
[SourceTitle "EXT 2012"]
[Source "ChessBase"]
[SourceDate "2011.11.24"]
[SourceVersion "1"]
[SourceVersionDate "2011.11.24"]
[SourceQuality "1"]

1. Nf3 d5 2. d4 Bf5 3. Nc3 e6 4. Ne5 Nd7 5. Nd3 Ngf6 6. Bg5 c5 7. e3 c4 8. Ne5 Be7 9. g4 Bg6 10. Nxg6 fxg6 11. Bf4 0-0 12. Bg2 Ne8 13. 0-0 Bg5 14. Bg3 Bh4 15. e4 Bxg3 16. hxg3 Nb6 17. Qe2 Nc7 18. f4 Qd7 19. a4 a5 20. g5 dxe4 21. Qxe4 Nbd5 22. Nb5 Nxb5 23. axb5 b6 24. Rfe1 Rae8 25. Bh3 Nc7 26. Qe5 Kh8 27. c3 Re7 28. Ra4 Nxb5 29. Bxe6 Qc6 30. Rxc4 Qe8 31. d5 Qd8 32. Ra4 Nc7 33. Rd4 Rf5 34. Qe4 Rxd5 35. Rxd5 Nxd5 36. Rd1 Qe8 37. Qxd5 Rxe6 38. Qd8 Re1+ 39. Kf2 Kg8 40. Qxe8+ Rxe8 41. Rd7 Kf8 42. Rb7 Re6 43. Kf3 h6 44. gxh6 gxh6 45. g4 a4 46. Rh7 a3 47. bxa3 Rc6 48. Rxh6 Rxc3+ 49. Kg2 Kg7 50. Rh3 Rc2+ 51. Kh1 Rc1+ 52. Kh2 Rc2+ 53. Kg3 Kf6 54. Kh4 b5 55. Rd3 Rc4 56. Kg3 Ra4 57. Rb3 Rc4 58. Rxb5 Rc3+ 59. Kh4 Rxa3 60. Rb6+ Kg7 61. Kg5 Ra5+ 62. f5 gxf5 63. Rb7+ Kf8 64. gxf5 Ra6 65. Rh7 Ra1 66. Kg6 Rg1+ 67. Kf6 Kg8 68. Rc7 Re1 69. Rc8+ Kh7 70. Kf7 Re2 71. f6 Re1 72. Rc3 Rh1 73. Rg3 Rh2 74. Rg7+ Kh8 75. Rg8+ Kh7 76. Rg3 Rh1 77. Re3 Kh6 78. Kf8 Ra1 79. f7 Ra2 80. Rh3+ Kg6 81. Kg8 1-0

[Event "Zhukovsky op-B"]
[Site "Zhukovsky"]
[Date "2010.01.??"]
[Round "5"]
[White "Tarabtsev, Ivan"]
[Black "Kaverin, Lev"]
[Result "1-0"]
[WhiteElo "1998"]
[BlackElo "1902"]
[PlyCount "57"]
[EventDate "2010.01.??"]
[EventType "swiss"]
[EventRounds "7"]
[EventCountry "RUS"]
[SourceTitle "EXT 2012"]
[Source "ChessBase"]
[SourceDate "2011.11.24"]
[SourceVersion "1"]
[SourceVersionDate "2011.11.24"]
[SourceQuality "1"]

1. Nf3 Nf6 2. c4 c5 3. b3 Nc6 4. Bb2 e6 5. g3 Bd6 6. Bg2 Bb8 7. 0-0 0-0 8. d4 cxd4 9. Nxd4 d5 10. cxd5 Nxd4 11. Qxd4 exd5 12. Nc3 Be6 13. Rfd1 Re8 14. Nxd5 Bxd5 15. Bxd5 Be5 16. Bxf7+ Kf8 17. Qc5+ Qe7 18. Qxe5 Qxf7 19. Qc5+ Kg8 20. Bxf6 Qxf6 21. Qc4+ Kh8 22. Rac1 h6 23. Rd7 Rf8 24. Qd4 Qg6 25. Rcc7 Rg8 26. Rxb7 Rac8 27. e4 Rc1+ 28. Kg2 Qg4 29. Qe3 1-0

[Event "Zhukovsky op-B 05"]
[Site "Zhukovsky"]
[Date "2009.05.??"]
[Round "1"]
[White "Beliy, Gennady"]
[Black "Kaverin, Lev"]
[Result "1/2-1/2"]
[WhiteElo "1901"]
[BlackElo "1912"]
[PlyCount "28"]
[EventDate "2009.05.??"]
[EventType "swiss"]
[EventRounds "9"]
[EventCountry "RUS"]
[SourceTitle "EXT 2012"]
[Source "ChessBase"]
[SourceDate "2011.11.24"]
[SourceVersion "1"]
[SourceVersionDate "2011.11.24"]
[SourceQuality "1"]

1. d4 d5 2. c4 e6 3. Nc3 Nf6 4. Bg5 Be7 5. e3 Nc6 6. cxd5 exd5 7. Bd3 Bd7 8. Nf3 0-0 9. 0-0 Re8 10. Rc1 Ne4 11. Bxe7 Qxe7 12. Bxe4 dxe4 13. Nd2 f5 14. Nd5 Qd8 1/2-1/2

[Event "Zhukovsky op-B 05"]
[Site "Zhukovsky"]
[Date "2009.05.??"]
[Round "2"]
[White "Kaverin, Lev"]
[Black "Kochetkov, Sergey"]
[Result "1-0"]
[WhiteElo "1912"]
[BlackElo "1618"]
[PlyCount "67"]
[EventDate "2009.05.??"]
[EventType "swiss"]
[EventRounds "9"]
[EventCountry "RUS"]
[SourceTitle "EXT 2012"]
[Source "ChessBase"]
[SourceDate "2011.11.24"]
[SourceVersion "1"]
[SourceVersionDate "2011.11.24"]
[SourceQuality "1"]

1. Nf3 Nf6 2. c4 e6 3. d4 b6 4. Nc3 Bb4 5. Bg5 h6 6. Bh4 Bb7 7. e3 c5 8. a3 Bxc3+ 9. bxc3 d6 10. Bd3 Nbd7 11. 0-0 0-0 12. Bg3 Qc7 13. Bc2 Ne4 14. Qd3 Ndf6 15. Nd2 Nxd2 16. Qxd2 Ne4 17. Qd3 f5 18. f3 Nxg3 19. hxg3 h5 20. g4 hxg4 21. fxg4 Be4 22. Qe2 Bxc2 23. Qxc2 g6 24. gxf5 gxf5 25. d5 Qd7 26. Rf3 Rf7 27. dxe6 Qxe6 28. Qd3 Rd8 29. Rd1 Qg6 30. Rdf1 Kg7 31. Kf2 Rf6 32. Rg3 Qxg3+ 33. Kxg3 Rg6+ 34. Kf3 1-0

[Event "Zhukovsky op-B 05"]
[Site "Zhukovsky"]
[Date "2009.05.??"]
[Round "6"]
[White "Tselyutin, Viktor"]
[Black "Kaverin, Lev"]
[Result "1-0"]
[WhiteElo "1818"]
[BlackElo "1912"]
[PlyCount "91"]
[EventDate "2009.05.??"]
[EventType "swiss"]
[EventRounds "9"]
[EventCountry "RUS"]
[SourceTitle "EXT 2012"]
[Source "ChessBase"]
[SourceDate "2011.11.24"]
[SourceVersion "1"]
[SourceVersionDate "2011.11.24"]
[SourceQuality "1"]

1. e4 c6 2. d4 g6 3. Nc3 Bg7 4. Nf3 e6 5. Be3 Ne7 6. Qd2 h6 7. Bd3 Qc7 8. 0-0 b5 9. a3 Bb7 10. h3 Na6 11. b4 d6 12. Rad1 Rd8 13. Nh2 f5 14. exf5 exf5 15. Nf3 Nb8 16. d5 a6 17. Bd4 0-0 18. Bxg7 Kxg7 19. Nd4 Bc8 20. Ne6+ Bxe6 21. dxe6 d5 22. Ne2 f4 23. Nd4 Qe5 24. c3 Rf6 25. Rde1 Qh5 26. Be2 Qe5 27. Bxb5 Qd6 28. Bd3 Rdf8 29. f3 c5 30. bxc5 Qxc5 31. Rb1 Rc8 32. Rfc1 Qxa3 33. Rb7 Qc5 34. Kh2 Kf8 35. Rcb1 Nbc6 36. Bxa6 Nxd4 37. cxd4 Qd6 38. Rxe7 Qxa6 39. Qb4 Kg8 40. Qb7 Qxb7 41. Rbxb7 Kf8 42. Rh7 Kg8 43. Rbg7+ Kf8 44. e7+ Ke8 45. Rg8+ Kd7 46. e8Q+ 1-0

[Event "Zhukovsky op-B"]
[Site "Zhukovsky"]
[Date "2009.01.??"]
[Round "6"]
[White "Kaverin, Lev"]
[Black "Beliy, Gennady"]
[Result "1-0"]
[WhiteElo "1912"]
[BlackElo "1901"]
[PlyCount "89"]
[EventDate "2009.01.??"]
[EventType "swiss"]
[EventRounds "7"]
[EventCountry "RUS"]
[SourceTitle "EXT 2012"]
[Source "ChessBase"]
[SourceDate "2011.11.24"]
[SourceVersion "1"]
[SourceVersionDate "2011.11.24"]
[SourceQuality "1"]

1. Nf3 Nf6 2. d4 e6 3. c4 Bb4+ 4. Bd2 Bxd2+ 5. Nbxd2 b6 6. e4 d6 7. Bd3 Nbd7 8. 0-0 0-0 9. e5 Ne8 10. h4 h6 11. Be4 Rb8 12. Qe2 dxe5 13. dxe5 Nc5 14. Bc2 a5 15. Rfd1 Qe7 16. Ne4 f5 17. exf6 Nxf6 18. Ne5 Nfxe4 19. Ng6 Qf6 20. Nxf8 Kxf8 21. Bxe4 Qxh4 22. Qf3+ Ke7 23. Bg6 Qf6 24. Qg3 Bd7 25. Qxc7 Rb7 26. Qd6+ Kd8 27. Bh5 Qe7 28. Qd4 Qf6 29. Qd6 Qe7 30. Qg3 Qf6 31. Bf3 Rc7 32. Qd6 e5 33. Qxf6+ gxf6 34. Rd6 Ke7 35. Rxb6 e4 36. Re1 Bf5 37. Be2 a4 38. b4 axb3 39. axb3 Nd7 40. Rb5 Bg6 41. g4 Ne5 42. f4 exf3 43. Bxf3 Ra7 44. Be4 Be8 45. Rb6 1-0

[Event "Zhukovsky op-B"]
[Site "Zhukovsky"]
[Date "2009.01.??"]
[Round "5"]
[White "Kaverin, Lev"]
[Black "Chumurin, Aleksandr"]
[Result "1/2-1/2"]
[WhiteElo "1912"]
[BlackElo "1897"]
[PlyCount "172"]
[EventDate "2009.01.??"]
[EventType "swiss"]
[EventRounds "7"]
[EventCountry "RUS"]
[SourceTitle "EXT 2012"]
[Source "ChessBase"]
[SourceDate "2011.11.24"]
[SourceVersion "1"]
[SourceVersionDate "2011.11.24"]
[SourceQuality "1"]

1. Nf3 d5 2. d4 Nf6 3. c4 dxc4 4. Nc3 Nd5 5. Qa4+ c6 6. Qxc4 Nxc3 7. bxc3 Qd5 8. e3 Qxc4 9. Bxc4 e6 10. a4 a5 11. Ne5 Nd7 12. Nd3 Nb6 13. Bb3 Nd5 14. Bd2 Be7 15. e4 Nf6 16. f3 0-0 17. Bg5 h6 18. Bh4 g5 19. Bg3 Rd8 20. Bc7 Rd7 21. Be5 b6 22. g4 Ba6 23. Nb2 Ne8 24. Nc4 Bxc4 25. Bxc4 Bd6 26. Bxd6 Nxd6 27. Be2 Ne8 28. e5 Nc7 29. h4 gxh4 30. Rxh4 Kg7 31. Kf2 Nd5 32. Rah1 Rh8 33. g5 h5 34. Rc1 Ne7 35. Rb1 Nd5 36. Rb3 Rc7 37. f4 c5 38. c4 Nb4 39. dxc5 Rxc5 40. Rbh3 Kg6 41. Bxh5+ Rxh5 42. Rxh5 Rxc4 43. Rh6+ Kg7 44. Rf6 Nd5 45. Rfh6 Rxf4+ 46. Kg3 Rxa4 47. Rh7+ Kf8 48. Rh8+ Ke7 49. R3h7 Ra1 50. Kf2 Nf4 51. Rg8 Nd3+ 52. Ke3 Nxe5 53. g6 Rf1 54. g7 Rg1 55. Ke4 Nd7 56. Rgh8 Nf6+ 57. Kd4 Nxh7 58. g8Q Rxg8 59. Rxg8 Nf6 60. Rg5 Nd5 61. Kc4 Kd6 62. Kb5 f5 63. Rg8 Ke5 64. Kc4 f4 65. Kd3 a4 66. Rb8 Kd6 67. Ke4 Kc5 68. Ke5 f3 69. Rf8 a3 70. Rxf3 a2 71. Ra3 Nb4 72. Kxe6 Kc4 73. Kd6 b5 74. Ke6 Nc2 75. Rxa2 Nd4+ 76. Ke5 Nb3 77. Rc2+ Kb4 78. Kd5 Ka3 79. Ke4 b4 80. Kd3 Na1 81. Rc8 Kb2 82. Kd2 b3 83. Kd1 Nc2 84. Rc7 Ne3+ 85. Ke2 Nc2 86. Rc4 Kb1 1/2-1/2

[Event "Zhukovsky Aviagrad op-B"]
[Site "Zhukovsky"]
[Date "2008.08.22"]
[Round "8"]
[White "Kaverin, Lev"]
[Black "Vatolin, Petr"]
[Result "1-0"]
[WhiteElo "1879"]
[BlackElo "1707"]
[PlyCount "101"]
[EventDate "2008.08.22"]
[EventType "swiss"]
[EventRounds "8"]
[EventCountry "RUS"]
[SourceTitle "EXT 2022"]
[Source "ChessBase"]
[SourceDate "2021.10.06"]
[SourceVersion "1"]
[SourceVersionDate "2021.10.06"]
[SourceQuality "1"]

1. Nf3 c5 2. c4 Nc6 3. Nc3 b6 4. e3 Nf6 5. d4 d6 6. d5 Nb8 7. h3 g6 8. e4 Bg7 9. Be3 Nfd7 10. Qd2 0-0 11. g4 e6 12. Bg5 Nf6 13. dxe6 fxe6 14. 0-0-0 Bb7 15. Bd3 Nc6 16. Bb1 Qe8 17. Nb5 Rd8 18. Nh4 Rd7 19. f3 Ne5 20. Qe2 Qb8 21. f4 Nf7 22. Nf3 h6 23. Bh4 a6 24. Nc3 Nh7 25. f5 exf5 26. gxf5 g5 27. Bg3 Qd8 28. h4 g4 29. Nh2 h5 30. Bf4 Ne5 31. Nf1 Qe8 32. Ng3 Nf6 33. b3 Nf3 34. Rd3 Ne5 35. Re3 Bc6 36. Rd1 Qb8 37. Nd5 Bxd5 38. exd5 Nf3 39. Bg5 Re8 40. Bxf6 Rxe3 41. Qxe3 Bxf6 42. Nxh5 Bxh4 43. Qe6+ Rf7 44. Qg6+ Kf8 45. Qxg4 Qd8 46. Qxf3 Qg5+ 47. Kb2 Rh7 48. Nf4 Qf6+ 49. Qc3 Qxc3+ 50. Kxc3 Bf6+ 51. Kd3 1-0

[Event "Zhukovsky Cup"]
[Site "Zhukovsky"]
[Date "2008.??.??"]
[Round "6"]
[White "Kaverin, Lev"]
[Black "Batalov, Vadim"]
[Result "0-1"]
[WhiteElo "1876"]
[BlackElo "2073"]
[PlyCount "124"]
[EventDate "2008.04.21"]
[EventType "swiss"]
[EventRounds "9"]
[EventCountry "RUS"]
[SourceTitle "EXT 2022"]
[Source "ChessBase"]
[SourceDate "2021.10.06"]
[SourceVersion "1"]
[SourceVersionDate "2021.10.06"]
[SourceQuality "1"]

1. e4 c5 2. Bc4 Nc6 3. c3 e6 4. d4 cxd4 5. cxd4 Qh4 6. Nc3 Bb4 7. Qd3 Nf6 8. e5 Nh5 9. Nf3 Qg4 10. 0-0 Nf4 11. Bxf4 Qxf4 12. Nb5 0-0 13. a3 Be7 14. Rae1 a6 15. Nc3 d5 16. Ba2 f6 17. Bb1 Qh6 18. Re3 g6 19. h3 b5 20. Ne2 Na5 21. Ng3 Nc4 22. Re2 Bd7 23. Nh2 b4 24. axb4 Bxb4 25. Ng4 Qg7 26. Nxf6+ Rxf6 27. exf6 Qxf6 28. Rc1 Bb5 29. Rec2 Rf8 30. Qb3 Bd2 31. Rxd2 Nxd2 32. Qe3 Nc4 33. Qe2 Qxd4 34. b3 Ne5 35. Qe1 Kg7 36. Rc7+ Rf7 37. Rxf7+ Kxf7 38. h4 Nd3 39. Qd2 Qa1 40. Qc2 Qe5 41. Kh2 Nf4 42. Qd2 h5 43. Kg1 Qf6 44. Nh1 Ne2+ 45. Kf1 Qxh4 46. Bd3 Nf4 47. Ng3 Nxd3 48. Kg1 Qf6 49. Nh1 e5 50. Qc3 d4 51. Qc7+ Qe7 52. Qb6 Nf4 53. Ng3 h4 54. Ne4 Ne2+ 55. Kh2 Nc3 56. Nd6+ Kg7 57. Nc8 Qg5 58. Qe6 Bf1 59. g3 hxg3+ 60. Kg1 g2 61. Qd7+ Kh6 62. Ne7 Ne2+ 0-1

[Event "Zhukovsky Cup"]
[Site "Zhukovsky"]
[Date "2008.??.??"]
[Round "3"]
[White "Zhukovsky, Viacheslav"]
[Black "Kaverin, Lev"]
[Result "1-0"]
[WhiteElo "2038"]
[BlackElo "1876"]
[PlyCount "95"]
[EventDate "2008.04.21"]
[EventType "swiss"]
[EventRounds "9"]
[EventCountry "RUS"]
[SourceTitle "EXT 2022"]
[Source "ChessBase"]
[SourceDate "2021.10.06"]
[SourceVersion "1"]
[SourceVersionDate "2021.10.06"]
[SourceQuality "1"]

1. c4 Nf6 2. Nc3 Nc6 3. g3 e5 4. Bg2 Bb4 5. Nf3 0-0 6. 0-0 d6 7. h3 Be6 8. d3 Qc8 9. Kh2 h6 10. e4 a6 11. Qc2 Ba5 12. Be3 Nb4 13. Qa4 Nc6 14. Nd5 Qd8 15. b4 Bb6 16. Nxb6 cxb6 17. a3 Nd7 18. Nd2 Rc8 19. Rac1 f5 20. exf5 Bxf5 21. Ne4 Qe7 22. Qb3 Be6 23. Nc3 Kh8 24. Qd1 Bf5 25. Nd5 Qd8 26. Qd2 Kh7 27. Rfd1 Rf7 28. Qa2 Nd4 29. Bxd4 exd4 30. f4 Nf6 31. Qf2 Nxd5 32. Bxd5 Re7 33. g4 Bg6 34. f5 Be8 35. Be4 Kh8 36. Qxd4 Qc7 37. Kg2 Re5 38. Re1 Bc6 39. Bxc6 Qxc6+ 40. Kf2 Rce8 41. Rxe5 dxe5 42. Qd5 Qf6 43. Qe4 Rd8 44. Re1 Qh4+ 45. Kg2 Rd4 46. Qxe5 Qd8 47. Qe8+ Kh7 48. Qg6+ 1-0